[Event "Rhein Main op-A 25th"]
[Site "Bad Homburg"]
[Date "2023.06.07"]
[Round "1"]
[White "Harringer, Manfred"]
[Black "Kebbedies, Frank"]
[Result "1-0"]
[WhiteElo "2005"]
[BlackElo "1743"]
[PlyCount "75"]
[EventDate "2023.06.07"]
[EventType "swiss"]
[EventRounds "7"]
[EventCountry "GER"]
[SourceTitle "CBM 215 Extra"]
[Source "ChessBase"]
[SourceDate "2023.09.30"]
[SourceVersion "1"]
[SourceVersionDate "2023.09.30"]
[SourceQuality "1"]

1. e4 e5 2. Nf3 d6 3. d4 Nd7 4. Bc4 c6 5. 0-0 h6 6. c3 Ngf6 7. Re1 Be7 8. Bb3 0-0 9. Nbd2 b5 10. a4 Bb7 11. Nf1 a6 12. Ng3 c5 13. Bc2 Re8 14. d5 Nf8 15. Qe2 Rb8 16. axb5 axb5 17. b4 c4 18. Be3 Ng6 19. Qd2 Qd7 20. h3 Nh7 21. Nf5 Bf8 22. Ra5 Ne7 23. Ng3 Kh8 24. Rea1 Ng8 25. Nf5 Ne7 26. N3h4 Nxf5 27. Nxf5 h5 28. Ra7 g6 29. Nh4 Qd8 30. Nf3 Be7 31. R1a5 Bc8 32. Ra8 Rxa8 33. Rxa8 Rg8 34. Nh2 g5 35. g4 Nf6 36. Bxg5 hxg4 37. Bxf6+ Bxf6 38. Qh6# 1-0

[Event "GER-ch Seniors 50 31st"]
[Site "Radebeul"]
[Date "2019.05.02"]
[Round "7"]
[White "Kebbedies, Frank"]
[Black "Loew, Gerald"]
[Result "0-1"]
[WhiteElo "1740"]
[BlackElo "2157"]
[PlyCount "90"]
[EventDate "2019.04.26"]
[EventType "swiss"]
[EventRounds "9"]
[EventCountry "GER"]
[SourceTitle "CBM 190 Extra"]
[Source "ChessBase"]
[SourceDate "2019.07.15"]
[SourceVersion "1"]
[SourceVersionDate "2019.07.15"]
[SourceQuality "1"]

1. d4 Nf6 2. c4 e6 3. Nc3 Bb4 4. Qc2 c5 5. dxc5 Bxc5 6. Bf4 Nc6 7. Nf3 Qa5 8. a3 d5 9. cxd5 exd5 10. e3 Ne4 11. Rc1 Bf5 12. Qa4 Qxa4 13. Nxa4 Be7 14. Bb5 Bd7 15. 0-0 g5 16. Bg3 h5 17. Nc3 h4 18. Bc7 g4 19. Ne5 Nxc3 20. Rxc3 Nxe5 21. Bxe5 Bxb5 22. Bxh8 Bxf1 23. Kxf1 f6 24. Bg7 Kd7 25. Bh6 Bd6 26. Bf4 Bxf4 27. exf4 Kd6 28. Ke2 Re8+ 29. Re3 Re4 30. g3 h3 31. Kd3 Rc4 32. Kd2 d4 33. Rb3 b6 34. Rb5 Rc5 35. Rb3 Kd5 36. f3 gxf3 37. Rxf3 Ke4 38. Rb3 f5 39. Kd1 d3 40. Rb4+ Ke3 41. Rb3 Rc2 42. Rb5 Rxh2 43. Re5+ Kd4 44. Rxf5 Rxb2 45. Rh5 h2 0-1

[Event "Budapest FS08 FM-B"]
[Site "Budapest"]
[Date "2016.08.06"]
[Round "1"]
[White "Kebbedies, Frank"]
[Black "Szurkos, Andras"]
[Result "0-1"]
[WhiteElo "1793"]
[BlackElo "1633"]
[PlyCount "68"]
[EventDate "2016.08.06"]
[EventType "tourn"]
[EventRounds "9"]
[EventCountry "HUN"]
[SourceTitle "EXT 2017"]
[Source "ChessBase"]
[SourceDate "2016.10.25"]
[SourceVersion "1"]
[SourceVersionDate "2016.10.25"]
[SourceQuality "1"]

1. d4 d5 2. c4 e5 3. dxe5 d4 4. Nf3 Nc6 5. a3 Nge7 6. g3 Ng6 7. Bg2 Ngxe5 8. Nbd2 Be7 9. 0-0 0-0 10. Qa4 Bf6 11. Ne4 Bg4 12. Nxe5 Bxe5 13. f3 Bf5 14. Rd1 Bxe4 15. fxe4 Qd6 16. Be3 b6 17. Bf2 Ne7 18. Qc2 c5 19. b4 Rad8 20. b5 h5 21. a4 h4 22. Ra3 Qh6 23. gxh4 f5 24. exf5 Nxf5 25. Qe4 Rde8 26. Qg4 Bf4 27. Rf3 Re4 28. Kh1 Nd6 29. Qh3 Rxe2 30. Bg3 Rxg2 31. Qxg2 Nxc4 32. Qa2 Qe6 33. Rdf1 Qd5 34. Kg2 Ne3+ 0-1

[Event "Hamburg St Pauli op-A"]
[Site "Hamburg"]
[Date "2015.07.21"]
[Round "5"]
[White "Kebbedies, Frank"]
[Black "Stein, Robert"]
[Result "1-0"]
[WhiteElo "1833"]
[BlackElo "2035"]
[PlyCount "73"]
[EventDate "2015.07.18"]
[EventType "swiss"]
[EventRounds "9"]
[EventCountry "GER"]
[SourceTitle "EXT 2016"]
[Source "ChessBase"]
[SourceDate "2015.10.08"]
[SourceVersion "1"]
[SourceVersionDate "2015.10.08"]
[SourceQuality "1"]

1. d4 Nf6 2. c4 g6 3. Nf3 Bg7 4. g3 0-0 5. Bg2 d5 6. 0-0 dxc4 7. Na3 c3 8. bxc3 c5 9. Ne5 Nd5 10. Bb2 e6 11. Qb3 Na6 12. Rfd1 cxd4 13. cxd4 Nac7 14. Nac4 f6 15. Nd3 Rb8 16. Rac1 Bd7 17. Ba3 Ne7 18. Bd6 Re8 19. Na5 Nb5 20. Qb4 Nxd6 21. Qxd6 Nf5 22. Qb4 Bf8 23. Qd2 Nxd4 24. Nxb7 Qb6 25. Ndc5 Nxe2+ 26. Qxe2 Bb5 27. Qe3 e5 28. Bd5+ Kh8 29. Rb1 Bxc5 30. Nxc5 Qa5 31. Ne6 Bd7 32. Rxb8 Rxb8 33. Qh6 Rg8 34. Qh4 g5 35. Qh6 Bxe6 36. Qxf6+ Rg7 37. Qxe6 1-0

[Event "Ho Chi Minh City HD Bank op 5th"]
[Site "Ho Chi Minh City"]
[Date "2015.03.19"]
[Round "5"]
[White "Nguyen, Phuoc Tam"]
[Black "Kebbedies, Frank"]
[Result "1-0"]
[WhiteElo "2059"]
[BlackElo "1842"]
[PlyCount "65"]
[EventDate "2015.03.17"]
[EventType "swiss"]
[EventRounds "9"]
[EventCountry "VIE"]
[SourceTitle "CBM 165 Extra"]
[Source "ChessBase"]
[SourceDate "2015.04.21"]
[SourceVersion "1"]
[SourceVersionDate "2015.04.21"]
[SourceQuality "1"]

1. d4 Nf6 2. c4 e6 3. Nf3 d5 4. Nc3 c5 5. Bg5 cxd4 6. Nxd4 e5 7. Ndb5 d4 8. Bxf6 gxf6 9. Nd5 Na6 10. e3 dxe3 11. fxe3 Be7 12. Qh5 Qa5+ 13. Kf2 Be6 14. Be2 Bxd5 15. cxd5 Bc5 16. Rhd1 Qb6 17. Qh3 Rd8 18. a3 Nc7 19. Nc3 Be7 20. b4 a6 21. Rac1 Nb5 22. Bxb5+ axb5 23. d6 Rxd6 24. Nd5 Rxd5 25. Rxd5 0-0 26. Rd7 Bd8 27. Rc8 f5 28. Qg3+ Kh8 29. Qxe5+ Kg8 30. Kf1 Bf6 31. Qg3+ Bg7 32. Rxf8+ Kxf8 33. Qb8+ 1-0

[Event "London Classic op-A U2000 5th"]
[Site "London"]
[Date "2013.12.10"]
[Round "2"]
[White "Strachan, Gavin I"]
[Black "Kebbedies, Frank"]
[Result "1/2-1/2"]
[WhiteElo "1872"]
[BlackElo "1796"]
[PlyCount "75"]
[EventDate "2013.12.09"]
[EventType "swiss"]
[EventRounds "5"]
[EventCountry "ENG"]
[SourceTitle "EXT 2016"]
[Source "ChessBase"]
[SourceDate "2015.10.08"]
[SourceVersion "1"]
[SourceVersionDate "2015.10.08"]
[SourceQuality "1"]

1. e4 e6 2. d4 d5 3. Nc3 dxe4 4. Nxe4 Nd7 5. Nf3 Ngf6 6. Ng3 c5 7. dxc5 Bxc5 8. Bd3 Qb6 9. 0-0 0-0 10. Qe2 Re8 11. Ng5 Bf8 12. Nh5 g6 13. Nxf6+ Nxf6 14. Qf3 Bg7 15. h4 Bd7 16. Ne4 Nxe4 17. Qxe4 Bc6 18. Qg4 Qa5 19. b4 Qd5 20. Rb1 b6 21. b5 Bb7 22. Rb3 Qd4 23. Qg3 Bf6 24. Bg5 Be5 25. Qh3 Rac8 26. h5 Qd6 27. hxg6 fxg6 28. Bd2 Bd5 29. Rb4 Bg7 30. Rh4 e5 31. Bb4 Qe6 32. Rxh7 Qxh3 33. Rxh3 e4 34. c4 Bxc4 35. Bxc4+ Rxc4 36. a3 Bd4 37. Rg3 Kf7 38. Rg5 1/2-1/2

[Event "Hampstead op U2200 10"]
[Site "Hampstead"]
[Date "2013.10.26"]
[Round "2"]
[White "Balouka Myers, Gabriel"]
[Black "Kebbedies, Frank"]
[Result "0-1"]
[WhiteElo "1592"]
[BlackElo "1801"]
[PlyCount "44"]
[EventDate "2013.10.26"]
[EventType "swiss"]
[EventRounds "5"]
[EventCountry "ENG"]
[SourceTitle "EXT 2015"]
[Source "ChessBase"]
[SourceDate "2014.11.20"]
[SourceVersion "1"]
[SourceVersionDate "2014.11.20"]
[SourceQuality "1"]

1. d4 Nf6 2. Nf3 e6 3. Bg5 h6 4. Bh4 b6 5. Nbd2 Bb7 6. e3 c5 7. c3 Be7 8. Bd3 Nc6 9. 0-0 Nd5 10. Bxe7 Ncxe7 11. e4 Nf4 12. Bc2 cxd4 13. cxd4 Rc8 14. g3 Nh3+ 15. Kg2 Ng5 16. Nxg5 hxg5 17. Bd3 Nf5 18. Nb3 Qf6 19. Re1 Nxd4 20. Nxd4 Qxd4 21. f3 Qxb2+ 22. Kh1 Qxh2# 0-1

[Event "Werther Schloss op-A 11th"]
[Site "Werther"]
[Date "2005.03.19"]
[Round "2"]
[White "Kasten, Marcel"]
[Black "Kebbedies, Frank"]
[Result "1/2-1/2"]
[WhiteElo "2070"]
[BlackElo "1912"]
[PlyCount "52"]
[EventDate "2005.03.18"]
[EventType "swiss"]
[EventRounds "5"]
[EventCountry "GER"]
[SourceTitle "CBM 105 Extra"]
[Source "ChessBase"]
[SourceDate "2005.05.01"]
[SourceVersion "1"]
[SourceVersionDate "2005.05.01"]
[SourceQuality "1"]

1. e4 e5 2. Nf3 Nc6 3. Bb5 a6 4. Ba4 Nf6 5. d3 b5 6. Bb3 Be7 7. 0-0 0-0 8. Nbd2 d6 9. c3 Na5 10. Bc2 c5 11. Re1 Re8 12. Nf1 h6 13. Ng3 Bf8 14. h3 Qc7 15. Be3 Nc6 16. Nh4 Ne7 17. d4 g6 18. Qd2 Kh7 19. f4 Nc6 20. fxe5 dxe5 21. d5 Na5 22. Qf2 Qe7 23. b3 Nb7 24. Rf1 Kg7 25. Rad1 Qd6 26. Kh2 Be7 1/2-1/2